00906naa a2200193 a 450000100080000000500110000800800410001910000180006024501220007826000090020052003370020965000130054665000090055965000150056865000100058365000210059370000230061477300750063721690572025-03-20 2024 bl uuuu u00u1 u #d1 aFONTES, H. R. aConsiderações sobre abortamento de flores femininas e queda prematura de frutos do coqueiro.h[electronic resource] c2024 aO abortamento de flores femininas e a queda prematura de frutos do coqueiro são responsáveis por perdas significativas na produção , sendo esta uma preocupação frequente entre os produtores de coco-verde e coco-seco. Serão abordados no artigo, alguns fatores bióticos e abióticos que podem estar associados a este problema. aCoconuts aCoco aFloração aFruto aQueda dos Frutos1 aFERREIRA, J. M. S. tRevista AEASEgn. 30, p. 16-17, jan./fev.mar., 2024. Pesquisa em foco.